000 00491nam a2200193Ia 4500
005 20250423095024.0
008 250422s9999 xx 000 0 und d
020 _a0-201-69497-2
050 _aQA 76.9.H85 .S54/
100 _aBen Shneiderman
245 0 _aDesign The User Interface
250 _aThird Edition
260 _aMassachusetts
260 _bAddison-Wesley Publishing Company
260 _c1998
300 _a639 p
650 _aHuman -Computer Interaction
942 _cBK
999 _c28999
_d28999